00681nam a2200133 i 450000100060000000300090000600500170001500800410003210000220007324503510009526000310044671000410047785200290051896177ES-MaACL20230906181847.0050613s1907 sp |||| | spa d1 aMaestre, Gabriel.10aAlegación en derecho presentada por la Sociedad Española de Electricidad Alioth ... en el pleito promovido por la misma contra D. Abundio de Burgos y Díaz sobre cumplimiento de contrato privado de reconocimiento de deuda y pago del precio de compraventa de una instalación de central eléctrica en Lucena (Córdoba) / cGabriel Maestre. aMadrid : b[s.n.], c1907.2 aSociedad Española de Electricidad. aES-MaACLjT-1185 bis-F-2